[Event "4NCL Division 3n"]
[Site "Palace Hotel, Buxton ENG"]
[Date "2014.02.09"]
[Round "6.88"]
[White "Robson, Paul E"]
[Black "Campbell, Ian"]
[Result "1/2-1/2"]
[WhiteElo "1911"]
[BlackElo "2005"]
[PlyCount "86"]
[EventDate "2014.02.09"]
[WhiteTeam "North East England 2"]
[BlackTeam "Ferry 'Cross the Maroczy 1"]

1. e4 g6 2. f4 Bg7 3. Nf3 d6 4. Bc4 e6 5. c3 Ne7 6. O-O Nd7 7. Qe1 Nf6 8. d3
O-O 9. Bb3 b6 10. Qh4 d5 11. e5 Nd7 12. Ng5 h6 13. Nh3 Nc5 14. Bc2 Ba6 15. Rf3
Nf5 16. Qxd8 Raxd8 17. g4 Ne7 18. d4 Nd7 19. f5 exf5 20. gxf5 Nxf5 21. Bxf5
gxf5 22. Rxf5 Bd3 23. Rh5 Kh7 24. Nf4 Bg6 25. Rh3 Bf5 26. Rg3 c6 27. Nd2 Rg8
28. Nf3 Bh8 29. Be3 Rg4 30. Kf2 Rdg8 31. Rag1 Nf8 32. Nh4 Rxg3 33. hxg3 Be4 34.
Nf3 Bg7 35. Rh1 Bxf3 36. Kxf3 Rh8 37. Nh5 Ne6 38. Kg4 Kg6 39. Nf4+ Nxf4 40.
gxf4 f5+ 41. Kh4 Re8 42. Rg1+ Kf7 43. Kh5 Re6 1/2-1/2

[Event "4NCL Division 3n"]
[Site "Palace Hotel, Buxton ENG"]
[Date "2014.02.09"]
[Round "6.89"]
[White "Hawkins, James NH"]
[Black "Gazis, George"]
[Result "1/2-1/2"]
[WhiteElo "1946"]
[BlackElo "1694"]
[PlyCount "36"]
[EventDate "2014.02.09"]
[WhiteTeam "Ferry 'Cross the Maroczy 1"]
[BlackTeam "North East England 2"]

1. e4 c5 2. Nf3 Nc6 3. d4 cxd4 4. Nxd4 g6 5. c4 Bg7 6. Be3 Nf6 7. Nc3 d6 8. Be2
O-O 9. O-O Bd7 10. Kh1 Nxd4 11. Bxd4 Bc6 12. Qd3 Nd7 13. Bxg7 Kxg7 14. Qd4+ Kg8
15. b4 Qb6 16. Qxb6 Nxb6 17. b5 Bd7 18. Nd5 Nxd5 1/2-1/2

[Event "4NCL Division 3n"]
[Site "Palace Hotel, Buxton ENG"]
[Date "2014.02.09"]
[Round "6.95"]
[White "Clark, Robert G"]
[Black "Timson, Paul F"]
[Result "1/2-1/2"]
[WhiteElo "1999"]
[BlackElo "2133"]
[PlyCount "42"]
[EventDate "2014.02.09"]
[WhiteTeam "Holmes Chapel"]
[BlackTeam "Manchester Manticores 1"]

1. e4 g6 2. d4 Bg7 3. Nf3 d6 4. Bc4 Nf6 5. Qe2 O-O 6. O-O Bg4 7. e5 dxe5 8.
dxe5 Nd5 9. Qe4 Bxf3 10. Qxf3 e6 11. Nc3 Nc6 12. Bxd5 Nxe5 13. Qe4 exd5 14.
Qxd5 Qxd5 15. Nxd5 c6 16. Ne3 Rad8 17. f4 Nd7 18. Nc4 Nb6 19. Nxb6 Bd4+ 20. Kh1
Bxb6 21. f5 Rfe8 1/2-1/2

[Event "4NCL Division 3n"]
[Site "Palace Hotel, Buxton ENG"]
[Date "2014.02.09"]
[Round "6.96"]
[White "Flores, Marciel T"]
[Black "Doran, Chris"]
[Result "1/2-1/2"]
[WhiteElo "2106"]
[BlackElo "1961"]
[PlyCount "76"]
[EventDate "2014.02.09"]
[WhiteTeam "Manchester Manticores 1"]
[BlackTeam "Holmes Chapel"]

1. Nf3 Nf6 2. g3 g6 3. Bg2 Bg7 4. O-O O-O 5. c4 d6 6. Nc3 Nc6 7. d4 a6 8. b3
Rb8 9. Bb2 Bd7 10. d5 Na5 11. Qd2 c5 12. e4 b5 13. cxb5 axb5 14. Rfe1 b4 15.
Nd1 c4 16. e5 dxe5 17. Bxe5 cxb3 18. Qb2 Nc4 19. Qxb3 Rc8 20. Nb2 Na5 21. Qxb4
Nxd5 22. Qd4 Bxe5 23. Nxe5 Be6 24. Rad1 Nc3 25. Qxd8 Rfxd8 26. Rxd8+ Rxd8 27.
a3 Rd2 28. Ned3 Bf5 29. Bf1 Nb3 30. Rxe7 Nd4 31. Re3 Nd1 32. Nxd1 Rxd1 33. Kg2
Nc2 34. Re8+ Kg7 35. Be2 Rd2 36. Nf4 Nxa3 37. g4 Bd7 38. Re5 Bc6+ 1/2-1/2

[Event "4NCL Division 3n"]
[Site "Palace Hotel, Buxton ENG"]
[Date "2014.02.09"]
[Round "6.100"]
[White "Whitehead, Mark A"]
[Black "Raeburn, Andrew L"]
[Result "1/2-1/2"]
[WhiteElo "2018"]
[BlackElo "1784"]
[PlyCount "53"]
[EventDate "2014.02.09"]
[WhiteTeam "Manchester Manticores 1"]
[BlackTeam "Holmes Chapel"]

1. e4 c5 2. Nc3 Nc6 3. g3 g6 4. Bg2 Bg7 5. d3 d6 6. Be3 Rb8 7. Qd2 Bd7 8. Nge2
Nd4 9. O-O b5 10. f4 b4 11. Nd1 Qc8 12. c3 Nxe2+ 13. Qxe2 Nf6 14. Nf2 bxc3 15.
bxc3 Ng4 16. Nxg4 Bxg4 17. Qd2 O-O 18. Rac1 Qd7 19. d4 cxd4 20. cxd4 Rfc8 21.
Rxc8+ Rxc8 22. Rc1 Rxc1+ 23. Qxc1 Qc8 24. Qd2 Bd7 25. Bf1 Qb7 26. Bd3 d5 27. e5
1/2-1/2

[Event "4NCL Division 3n"]
[Site "Palace Hotel, Buxton ENG"]
[Date "2014.02.09"]
[Round "6.115"]
[White "Mulleady, Peter J"]
[Black "Edwards-Wright, Miles D"]
[Result "0-1"]
[WhiteElo "1903"]
[BlackElo "1926"]
[PlyCount "84"]
[EventDate "2014.02.09"]
[WhiteTeam "Manchester Manticores 2"]
[BlackTeam "Bradford DCA Knights C"]

1. c4 g6 2. g3 Bg7 3. Bg2 d6 4. Nc3 c6 5. e4 e5 6. Nge2 Be6 7. d3 Ne7 8. Rb1
O-O 9. O-O f5 10. f4 Nd7 11. Kh1 Nf6 12. Be3 fxe4 13. Nxe4 Nxe4 14. Bxe4 d5 15.
cxd5 cxd5 16. Bg2 d4 17. Bd2 Bxa2 18. Rc1 Bd5 19. fxe5 Bxg2+ 20. Kxg2 Qd5+ 21.
Kg1 Rxf1+ 22. Qxf1 Rf8 23. Qg2 Qxe5 24. Nf4 Nc6 25. Re1 Qb5 26. Ne6 Re8 27. Qe4
Qe5 28. Qg4 Qd6 29. Nxg7 Rxe1+ 30. Bxe1 Kxg7 31. Bd2 Ne5 32. Qf4 Qf6 33. Qh6+
Kg8 34. Bb4 Nxd3 35. Qd2 Ne5 36. Kg2 Nc4 37. Qe2 Ne3+ 38. Kg1 Qf5 39. Be1 Qe4
40. b3 d3 41. Qf2 Nc2 42. Bd2 Nd4 0-1

[Event "4NCL Division 3n"]
[Site "Palace Hotel, Buxton ENG"]
[Date "2014.02.09"]
[Round "6.117"]
[White "Hilton, Tim"]
[Black "Bramson, Mike"]
[Result "0-1"]
[WhiteElo "1760"]
[BlackElo "1815"]
[PlyCount "60"]
[EventDate "2014.02.09"]
[WhiteTeam "Manchester Manticores 2"]
[BlackTeam "Bradford DCA Knights C"]

1. e4 e5 2. Nf3 Nc6 3. d4 exd4 4. Nxd4 Qh4 5. Nc3 Bb4 6. Be2 d6 7. Ndb5 Ba5 8.
O-O Nf6 9. Nd5 Nxd5 10. exd5 Ne5 11. Nd4 O-O 12. Nf3 Nxf3+ 13. Bxf3 Bf5 14. c3
Bb6 15. g3 Qf6 16. h4 h6 17. h5 Bc2 18. Qe2 Rfe8 19. Be3 Be4 20. Bxe4 Rxe4 21.
Qd3 Qf3 22. Rae1 Rae8 23. Qe2 Qxe2 24. Rxe2 Bxe3 25. fxe3 Rxe3 26. Ref2 f6 27.
g4 Rd3 28. c4 Re4 29. Rf4 Rg3+ 30. Kh2 Rxg4 0-1

[Event "4NCL Division 3n"]
[Site "Palace Hotel, Buxton ENG"]
[Date "2014.02.09"]
[Round "6.119"]
[White "Norris, Michael J"]
[Black "Grobler, David J"]
[Result "1/2-1/2"]
[WhiteElo "1930"]
[BlackElo "1629"]
[PlyCount "72"]
[EventDate "2014.02.09"]
[WhiteTeam "Manchester Manticores 2"]
[BlackTeam "Bradford DCA Knights C"]

1. d4 Nf6 2. c4 g6 3. Nc3 d5 4. cxd5 Nxd5 5. e4 Nxc3 6. bxc3 Bg7 7. Be3 c5 8.
Qd2 O-O 9. Nf3 cxd4 10. cxd4 Nc6 11. Rd1 Bg4 12. Be2 Qa5 13. O-O Qxd2 14. Rxd2
Rfd8 15. Rfd1 a6 16. h3 Bxf3 17. Bxf3 Na5 18. Bg5 f6 19. Bf4 Rac8 20. d5 Nc4
21. Rc2 Ne5 22. Rxc8 Nxf3+ 23. gxf3 Rxc8 24. Rc1 Rxc1+ 25. Bxc1 Kf7 26. Ba3 Ke8
27. Kf1 Kd7 28. Ke2 f5 29. Kd3 Be5 30. Bc5 h5 31. Bb6 e6 32. Kc4 g5 33. dxe6+
Kxe6 34. exf5+ Kxf5 35. Be3 Bd6 36. a4 Be7 1/2-1/2

[Event "4NCL Division 3s"]
[Site "Daventry Court ENG"]
[Date "2013.11.16"]
[Round "1.55"]
[White "Milson, Samuel A"]
[Black "Buttell, David"]
[Result "1-0"]
[WhiteElo "2042"]
[BlackElo "1884"]
[PlyCount "85"]
[EventDate "2013.11.16"]
[WhiteTeam "e2e4.org.uk 2"]
[BlackTeam "Celtic Tigers 2"]

1. e4 c5 2. Nf3 d6 3. d4 cxd4 4. Nxd4 Nf6 5. Nc3 g6 6. f3 Bg7 7. Be3 Nc6 8. Qd2
O-O 9. O-O-O d5 10. Nxc6 bxc6 11. Bh6 Bh8 12. e5 Nd7 13. f4 Bg7 14. Bxg7 Kxg7
15. h4 Nb6 16. h5 Bg4 17. hxg6 hxg6 18. Re1 Rh8 19. Bd3 Qd7 20. Qf2 Rxh1 21.
Rxh1 Rh8 22. Rxh8 Kxh8 23. Qd4 Kg8 24. a4 Qc8 25. b4 Qc7 26. Qc5 Kf8 27. b5 Bd7
28. a5 Na8 29. Nxd5 cxd5 30. Qxc7 Nxc7 31. b6 axb6 32. axb6 Bc8 33. bxc7 e6 34.
Bb5 Ke7 35. Kd2 f6 36. Ke3 g5 37. g3 gxf4+ 38. gxf4 fxe5 39. fxe5 Kf7 40. Kd4
Kg6 41. Kc5 Kf5 42. Kd6 d4 43. Bd7 1-0

[Event "4NCL Division 3s"]
[Site "Daventry Court ENG"]
[Date "2013.11.16"]
[Round "1.58"]
[White "Rumsey, Victor B"]
[Black "Peat, Matthew"]
[Result "1-0"]
[WhiteElo "1849"]
[BlackElo "2099"]
[PlyCount "129"]
[EventDate "2013.11.16"]
[WhiteTeam "Celtic Tigers 2"]
[BlackTeam "e2e4.org.uk 2"]

1. d4 d5 2. c4 c6 3. Nf3 Nf6 4. Nc3 e6 5. Bg5 h6 6. Bh4 dxc4 7. e4 g5 8. Bg3 b5
9. Ne5 Nbd7 10. Be2 Bb7 11. h4 g4 12. Nxg4 Rg8 13. Nxf6+ Nxf6 14. Bf3 Qb6 15.
O-O O-O-O 16. Be5 Nd7 17. Bf4 e5 18. dxe5 Nc5 19. Qe2 Nd3 20. Be3 Qc7 21. a4 b4
22. Na2 Qxe5 23. g3 Be7 24. Bg2 c5 25. Qf3 Kb8 26. Nc1 Ka8 27. a5 Qxb2 28. Nxd3
cxd3 29. a6 Bc6 30. Qxf7 Qg7 31. Qc4 Qf8 32. Rfd1 d2 33. Ra5 Qe8 34. Rxd2 Rxd2
35. Bxd2 Qd8 36. Ra2 Rg4 37. Qe6 Qd7 38. Qxd7 Bxd7 39. Bh3 c4 40. Bxg4 Bxg4 41.
Bxb4 Bxb4 42. Ra4 Bd6 43. Rxc4 h5 44. Kg2 Kb8 45. f4 Be2 46. Rc6 Bc7 47. Kf2
Bb5 48. Rh6 Bb6+ 49. Kf3 Bxa6 50. Rxh5 Bc4 51. Rf5 a5 52. h5 a4 53. h6 a3 54.
h7 Bd4 55. Rf8+ Kb7 56. h8=Q Bxh8 57. Rxh8 a2 58. Rh1 Kc6 59. g4 Kc5 60. g5 Kd4
61. Ra1 Kc3 62. f5 Kb2 63. Rxa2+ Bxa2 64. g6 Kc3 65. f6 1-0

[Event "4NCL Division 3s"]
[Site "Daventry Court ENG"]
[Date "2013.11.16"]
[Round "1.59"]
[White "Denton, John R"]
[Black "Larter, Nick J"]
[Result "1/2-1/2"]
[WhiteElo "2049"]
[BlackElo "1773"]
[PlyCount "103"]
[EventDate "2013.11.16"]
[WhiteTeam "e2e4.org.uk 2"]
[BlackTeam "Celtic Tigers 2"]

1. d4 e6 2. Nf3 f5 3. g3 Nf6 4. Bg2 Be7 5. O-O O-O 6. c4 Ne4 7. b3 b6 8. Bb2
Bb7 9. Ne1 Bf6 10. f3 Ng5 11. Nd2 c5 12. Nc2 Nc6 13. e3 Qe8 14. Rf2 Rd8 15. Qe2
Qg6 16. Nf1 h5 17. h4 Nf7 18. Rd1 Nh6 19. Ba3 d6 20. Qd3 e5 21. d5 e4 22. Qe2
Ne5 23. Ne1 exf3 24. Bxf3 Nhg4 25. Rg2 Rde8 26. Nd3 Nxd3 27. Qxd3 Bc8 28. Bc1
Re7 29. Bd2 Rfe8 30. Re1 Bd7 31. Bc3 Bxc3 32. Qxc3 Re5 33. Qd2 R8e7 34. Rge2
Nf6 35. Rg2 a6 36. a4 Qh6 37. Rh2 Qg6 38. Rg2 Qe8 39. Ree2 b5 40. axb5 axb5 41.
Qa5 bxc4 42. bxc4 Qg6 43. Rb2 Ng4 44. Rb8+ Re8 45. Bxg4 fxg4 46. Rxe8+ Bxe8 47.
Rb2 Rf5 48. Qd8 Qf7 49. Nd2 Re5 50. Nf1 Rf5 51. Nd2 Re5 52. Nf1 1/2-1/2

[Event "4NCL Division 3s"]
[Site "Daventry Court ENG"]
[Date "2013.11.16"]
[Round "1.65"]
[White "Lentzos, Ioannis"]
[Black "Osborne, Marcus E"]
[Result "0-1"]
[WhiteElo "1788"]
[BlackElo "2283"]
[PlyCount "82"]
[EventDate "2013.11.16"]
[WhiteTeam "e2e4.org.uk 4"]
[BlackTeam "Guildford 3"]

1. e4 e6 2. d3 d5 3. Qe2 Nf6 4. Nf3 dxe4 5. dxe4 Bc5 6. Bg5 h6 7. Bh4 g5 8. Bg3
b6 9. Nbd2 Ba6 10. c4 Nc6 11. O-O-O Nh5 12. Nb3 Qe7 13. Be5 Nxe5 14. Nxe5 Nf4
15. Qd2 Bb4 16. Qe3 Bd6 17. Nc6 Qd7 18. Nb4 Bb7 19. e5 Bxb4 20. Rxd7 Kxd7 21.
c5 Bd5 22. Qd4 a5 23. cxb6 cxb6 24. g3 Ke7 25. Rg1 Rac8+ 26. Kb1 Rhd8 27. gxf4
Be4+ 28. Bd3 Rxd4 29. Nxd4 Bxd3+ 30. Ka1 Bc5 31. Rc1 gxf4 32. Rc3 Rg8 33. Nf3
Be4 34. a3 Rg2 35. b4 axb4 36. axb4 Bxf2 37. h4 Be3 38. Rc7+ Kd8 39. b5 Kxc7
40. Nd2 Rxd2 41. h5 Bd4# 0-1

[Event "4NCL Division 3s"]
[Site "Daventry Court ENG"]
[Date "2013.11.16"]
[Round "1.66"]
[White "Buckley, Graeme N"]
[Black "Homolka, Vincent O"]
[Result "0-1"]
[WhiteElo "2345"]
[BlackElo "1805"]
[PlyCount "98"]
[EventDate "2013.11.16"]
[WhiteTeam "Guildford 3"]
[BlackTeam "e2e4.org.uk 4"]

1. d4 d5 2. c4 e6 3. Nf3 Nf6 4. Nc3 c5 5. cxd5 exd5 6. g3 Nc6 7. Bg2 Be7 8. O-O
O-O 9. Bg5 c4 10. Ne5 Be6 11. f4 Ng4 12. Bxe7 Nxe7 13. Qd2 f6 14. Nxg4 Bxg4 15.
h3 Be6 16. g4 Qd7 17. f5 Bf7 18. e3 b5 19. Ne2 a5 20. Ng3 b4 21. h4 Qd6 22. Rf4
Rac8 23. Rc1 Rc7 24. g5 Rfc8 25. e4 c3 26. bxc3 Rxc3 27. Rxc3 bxc3 28. Qe3 c2
29. Ne2 Qc7 30. Rf1 dxe4 31. Bxe4 Nd5 32. Qd2 Nb4 33. Rc1 Bxa2 34. Nf4 Bb3 35.
Qe3 Qc3 36. Qxc3 Rxc3 37. Kf1 Na2 38. Ne2 Rc8 39. Ra1 c1=Q+ 40. Nxc1 Rxc1+ 41.
Rxc1 Nxc1 42. Ke1 Bc4 43. Kd2 Na2 44. d5 Kf8 45. d6 Ke8 46. Ke3 Nb4 47. Kd4 Bb3
48. Kc5 Kd7 49. h5 h6 0-1

[Event "4NCL Division 3s"]
[Site "Daventry Court ENG"]
[Date "2013.11.16"]
[Round "1.68"]
[White "Granat, Russell G"]
[Black "Homer, Neil S"]
[Result "1-0"]
[WhiteElo "2186"]
[BlackElo "1606"]
[PlyCount "73"]
[EventDate "2013.11.16"]
[WhiteTeam "Guildford 3"]
[BlackTeam "e2e4.org.uk 4"]

1. e4 c6 2. d4 d5 3. exd5 cxd5 4. c4 Nf6 5. Nc3 Nc6 6. c5 g6 7. a3 a5 8. Na4
Bg7 9. Nb6 Ra7 10. Bb5 O-O 11. Ne2 Bg4 12. f3 Bd7 13. O-O Nb8 14. Nc3 Bxb5 15.
Nxb5 Ra6 16. Bf4 Qe8 17. Nc7 Qc6 18. Nxa6 Nxa6 19. Re1 Re8 20. Qd2 Nd7 21. Nxd7
Qxd7 22. Be5 Bxe5 23. Rxe5 a4 24. Rae1 e6 25. h4 f6 26. R5e3 Kg7 27. Qa5 Qc6
28. b3 axb3 29. Rxb3 Qd7 30. Rb6 Nb8 31. Reb1 Re7 32. Qa8 Qc7 33. Rxb7 Qf4 34.
Rxe7+ Kh6 35. Qxb8 Qe3+ 36. Kh1 Qxd4 37. Qf8+ 1-0

[Event "4NCL Division 3s"]
[Site "Daventry Court ENG"]
[Date "2013.11.16"]
[Round "1.70"]
[White "Kalaiyalahan, Akshaya"]
[Black "Boyalakuntla, Siva"]
[Result "1-0"]
[WhiteElo "1983"]
[BlackElo "1467"]
[PlyCount "41"]
[EventDate "2013.11.16"]
[WhiteTeam "Guildford 3"]
[BlackTeam "e2e4.org.uk 4"]

1. d4 Nf6 2. Nf3 e6 3. g3 c5 4. Bg2 cxd4 5. Nxd4 Nc6 6. O-O h6 7. e4 Qc7 8. Nb5
Qe5 9. N1c3 g5 10. Nd5 exd5 11. exd5 Kd8 12. Re1 Qf5 13. dxc6 Qxb5 14. c4 Qb6
15. Be3 Qc7 16. Bd4 Bg7 17. Be5 Qb6 18. c7+ Qxc7 19. Bxc7+ Kxc7 20. c5 Bf8 21.
Qd4 1-0

[Event "4NCL Division 3s"]
[Site "Daventry Court ENG"]
[Date "2013.11.16"]
[Round "1.75"]
[White "Maciol, Ryszard"]
[Black "Terry, Sean"]
[Result "1-0"]
[WhiteElo "2182"]
[BlackElo "1924"]
[PlyCount "67"]
[EventDate "2013.11.16"]
[WhiteTeam "Celtic Tigers 1"]
[BlackTeam "Oxford 3"]

1. d4 Nf6 2. c4 Nc6 3. g3 e5 4. d5 Ne7 5. Nf3 d6 6. Bg2 Ng6 7. Nc3 Be7 8. O-O
Bg4 9. Qb3 b6 10. Be3 O-O 11. h3 Bd7 12. Qc2 Nh5 13. b4 f5 14. Bd2 c5 15. dxc6
Bxc6 16. Rfd1 Qd7 17. Qb3 Kh8 18. Nd5 Bxd5 19. cxd5 f4 20. g4 Nf6 21. Ng5 Nxg4
22. Ne6 Nf6 23. Nxf8 Rxf8 24. Kh2 Qf5 25. Rac1 Qh5 26. Qd3 Nh4 27. Bf3 Qh6 28.
Rg1 g5 29. Rc7 Bd8 30. Rxa7 Re8 31. Bg4 e4 32. Qd4 Qg6 33. Be6 h5 34. Bf7 1-0

[Event "4NCL Division 3s"]
[Site "Daventry Court ENG"]
[Date "2013.11.16"]
[Round "1.76"]
[White "Neatherway, A Philip"]
[Black "Kemp, Peter D"]
[Result "1/2-1/2"]
[WhiteElo "1865"]
[BlackElo "2164"]
[PlyCount "79"]
[EventDate "2013.11.16"]
[WhiteTeam "Oxford 3"]
[BlackTeam "Celtic Tigers 1"]

1. e4 e5 2. Nf3 Nc6 3. Bb5 a6 4. Ba4 Nf6 5. Qe2 b5 6. Bb3 Be7 7. c3 d6 8. a4
Bb7 9. O-O O-O 10. d4 bxa4 11. Rxa4 Nd7 12. Ra1 exd4 13. cxd4 Bf6 14. Be3 Nb6
15. Nc3 Nb4 16. Rfd1 d5 17. e5 Be7 18. Nd2 Kh8 19. f4 f5 20. Nf3 a5 21. Ne1 Ba6
22. Qd2 Nc4 23. Bxc4 Bxc4 24. Ne2 Bb3 25. Rdb1 Bh4 26. g3 Be7 27. Nc1 Bc4 28.
b3 Bb5 29. Ned3 c6 30. Nxb4 Bxb4 31. Qc2 Qb6 32. Nd3 Bxd3 33. Qxd3 Qb5 34. Rd1
a4 35. bxa4 Rxa4 36. Rxa4 Qxa4 37. Rb1 Qa3 38. Qxa3 Bxa3 39. Rb6 Rc8 40. Kg2
1/2-1/2

[Event "4NCL Division 3s"]
[Site "Daventry Court ENG"]
[Date "2013.11.16"]
[Round "1.77"]
[White "Pedersen, Carsten"]
[Black "Burrows, Nick"]
[Result "1-0"]
[WhiteElo "2148"]
[BlackElo "1831"]
[PlyCount "121"]
[EventDate "2013.11.16"]
[WhiteTeam "Celtic Tigers 1"]
[BlackTeam "Oxford 3"]

1. e4 c6 2. Nc3 d5 3. Nf3 Bg4 4. h3 Bxf3 5. Qxf3 e6 6. d3 Nf6 7. Bd2 Be7 8. Qg3
O-O 9. Be2 Re8 10. O-O a6 11. a4 c5 12. exd5 exd5 13. Bh6 Bf8 14. Bf3 d4 15.
Ne4 Nxe4 16. Bxe4 Qd7 17. Bf4 Nc6 18. Qf3 Bd6 19. Bxc6 bxc6 20. Bd2 Bf8 21.
Rfe1 Qd5 22. Qxd5 cxd5 23. Rxe8 Rxe8 24. Re1 Rxe1+ 25. Bxe1 f5 26. Kf1 Kf7 27.
Ke2 Ke6 28. Ba5 Bd6 29. Kf3 g6 30. g4 h5 31. gxh5 gxh5 32. Bd2 Kf7 33. Bf4 Be7
34. Bc7 Ke6 35. Kg3 Kf7 36. Kf4 Ke6 37. Bb8 Bd8 38. Kf3 Be7 39. Kf4 Bd8 40. b3
Be7 41. Bc7 Bh4 42. Bb6 Be7 43. b4 cxb4 44. Bxd4 Bh4 45. Bc5 Kf6 46. Kf3 Ke5
47. Bxb4 Bg5 48. c3 Ke6 49. Bc5 Bf6 50. Bd4 Bg5 51. c4 Kd6 52. Be3 Bf6 53. Kf4
d4 54. Bd2 Ke6 55. Ba5 Bh4 56. f3 Bf2 57. Kg5 h4 58. f4 Bg3 59. Bb6 Bf2 60. Ba7
Be3 61. Bb8 1-0

[Event "4NCL Division 3s"]
[Site "Daventry Court ENG"]
[Date "2013.11.16"]
[Round "1.78"]
[White "Henbest, Kevin B"]
[Black "Skulte, Christopher"]
[Result "0-1"]
[WhiteElo "1709"]
[BlackElo "1982"]
[PlyCount "46"]
[EventDate "2013.11.16"]
[WhiteTeam "Oxford 3"]
[BlackTeam "Celtic Tigers 1"]

1. e4 c5 2. Nf3 e6 3. d4 cxd4 4. Nxd4 Nf6 5. Nc3 Nc6 6. Bg5 Bb4 7. Nde2 h6 8.
Bd2 O-O 9. a3 Bc5 10. b4 Bb6 11. Bf4 d5 12. Ng3 e5 13. Bc1 Ng4 14. Qf3 Bxf2+
15. Qxf2 Nxf2 16. Kxf2 dxe4 17. Ncxe4 Qd4+ 18. Be3 Qxa1 19. Bd3 Qxa3 20. Nh5 f5
21. Bc4+ Kh7 22. Bc5 fxe4+ 23. Bxf8 Bg4 0-1

[Event "4NCL Division 3s"]
[Site "Daventry Court ENG"]
[Date "2013.11.16"]
[Round "1.79"]
[White "Pein, Jonathan"]
[Black "Biswas, Karl"]
[Result "1/2-1/2"]
[WhiteElo "1770"]
[BlackElo "1748"]
[PlyCount "40"]
[EventDate "2013.11.16"]
[WhiteTeam "Celtic Tigers 1"]
[BlackTeam "Oxford 3"]

1. e4 e5 2. Nf3 Nf6 3. Bc4 Nxe4 4. Nc3 Nc6 5. Bxf7+ Kxf7 6. Nxe4 d5 7. Nfg5+
Kg8 8. Qh5 g6 9. Qf3 Bf5 10. g4 Nd4 11. Qc3 Bb4 12. Qg3 Bxe4 13. Nxe4 dxe4 14.
c3 Nc2+ 15. Kd1 Qd3 16. Qxe5 Nxa1 17. Qe6+ Kg7 18. Qe5+ Kf7 19. Qxc7+ Ke6 20.
Re1 Qc2+ 1/2-1/2

[Event "4NCL Division 3s"]
[Site "Daventry Court ENG"]
[Date "2013.11.16"]
[Round "1.85"]
[White "Bansal, Rohan"]
[Black "Mayhew, Andrew"]
[Result "0-1"]
[WhiteElo "1839"]
[BlackElo "2058"]
[PlyCount "116"]
[EventDate "2013.11.16"]
[WhiteTeam "KJCA Knights"]
[BlackTeam "Anglian Avengers 2"]

1. d4 Nf6 2. c4 g6 3. f3 e6 4. Nc3 d5 5. Bg5 Bg7 6. e3 O-O 7. Qd2 Nc6 8. O-O-O
h6 9. Bh4 a6 10. g4 dxc4 11. Bxc4 b5 12. Be2 b4 13. Ne4 Nxe4 14. Bxd8 Nxd2 15.
Bxc7 Nxf3 16. Bxf3 Bb7 17. Kb1 Rfc8 18. Bd6 a5 19. h3 Nd8 20. Bxb7 Nxb7 21. Bg3
a4 22. Nf3 Na5 23. Nd2 a3 24. b3 Rc3 25. Rhe1 Rac8 26. Ne4 Rc2 27. Rc1 Rb2+ 28.
Ka1 Rxc1+ 29. Rxc1 Re2 30. Re1 Rxe3 31. Rxe3 Bxd4+ 32. Kb1 Bxe3 33. Bd6 Nc6 34.
Kc2 f5 35. Kd3 Bd4 36. Ng3 fxg4 37. hxg4 Be5 38. Bxe5 Nxe5+ 39. Kd4 Nxg4 40.
Kc5 h5 41. Kxb4 h4 42. Nh1 g5 43. Kxa3 Ne5 44. Kb2 g4 45. Nf2 g3 46. Nh3 Nd3+
47. Kc2 Nf2 48. Nf4 h3 49. Ne2 g2 50. Ng1 h2 51. Nf3 h1=Q 52. a4 Qd1+ 53. Kb2
Qxf3 54. a5 g1=Q 55. a6 Nd1+ 56. Ka2 Qe2+ 57. Ka3 Qc5+ 58. Ka4 Nc3# 0-1

[Event "4NCL Division 3s"]
[Site "Daventry Court ENG"]
[Date "2013.11.16"]
[Round "1.86"]
[White "Tozer, Philip AA"]
[Black "Anilkumar, Anantha P (jnr)"]
[Result "1-0"]
[WhiteElo "2136"]
[BlackElo "1706"]
[PlyCount "151"]
[EventDate "2013.11.16"]
[WhiteTeam "Anglian Avengers 2"]
[BlackTeam "KJCA Knights"]

1. c4 Nf6 2. g3 g6 3. Nc3 d5 4. cxd5 Nxd5 5. Bg2 Nxc3 6. bxc3 Bg7 7. Nf3 O-O 8.
O-O Nd7 9. Rb1 c6 10. c4 e5 11. d3 b6 12. Ba3 Re8 13. Nd2 Qc7 14. Ne4 Bf8 15.
Bxf8 Rxf8 16. c5 Nxc5 17. Nxc5 bxc5 18. Qc2 Be6 19. Qxc5 Rab8 20. a4 Rfc8 21.
a5 Ba2 22. Rxb8 Qxb8 23. Rc1 Qb2 24. Bf3 Rc7 25. Kg2 Be6 26. Rc2 Qb3 27. Rc3
Qa4 28. Qxe5 Rc8 29. Qc5 Rc7 30. d4 Rd7 31. Bxc6 Qxc6+ 32. Qxc6 Bd5+ 33. f3
Bxc6 34. Rxc6 Rxd4 35. Rc7 a6 36. Rc6 Ra4 37. Rxa6 Kf8 38. Ra7 Kg7 39. Ra6 Kf8
40. Kf2 Ra3 41. Ra8+ Kg7 42. a6 h6 43. h4 h5 44. Ke1 Ra2 45. Kd1 Kf6 46. a7 Kg7
47. Kc1 Kf6 48. Kb1 Ra6 49. Kb2 Kg7 50. Kc3 Kf6 51. e4 Ke7 52. Kd4 Ra1 53. Ke5
Ra5+ 54. Kf4 Kf6 55. g4 hxg4 56. fxg4 Ra1 57. e5+ Kg7 58. Kg5 Ra5 59. Kf4 Ra1
60. h5 gxh5 61. gxh5 Rf1+ 62. Kg3 Rg1+ 63. Kf2 Ra1 64. h6+ Kh7 65. Kg3 Rg1+ 66.
Kf4 Ra1 67. Kg5 Ra6 68. Kf5 Ra1 69. Kf6 Rf1+ 70. Ke7 Ra1 71. Kxf7 Rf1+ 72. Ke6
Ra1 73. Kd5 Rd1+ 74. Kc4 Rc1+ 75. Kb3 Ra1 76. e6 1-0

[Event "4NCL Division 3s"]
[Site "Daventry Court ENG"]
[Date "2013.11.16"]
[Round "1.90"]
[White "Lunn, Timothy"]
[Black "Anilkumar, Anantha PP (snr)"]
[Result "1-0"]
[WhiteElo "2053"]
[BlackElo "1353"]
[PlyCount "115"]
[EventDate "2013.11.16"]
[WhiteTeam "Anglian Avengers 2"]
[BlackTeam "KJCA Knights"]

1. d4 Nf6 2. c4 g6 3. Nc3 d5 4. Nf3 Bg7 5. Qa4+ Bd7 6. Qb3 Bc8 7. cxd5 c6 8.
dxc6 Nxc6 9. e3 O-O 10. Bd2 Na5 11. Qc2 Be6 12. b3 Rc8 13. Qd3 a6 14. Be2 Qc7
15. O-O Rfd8 16. h3 Qb6 17. Rac1 Nc6 18. Rfd1 Nb4 19. Qb1 Nc6 20. Na4 Qa7 21.
Nc5 Bf5 22. Qb2 b6 23. Nd3 Ne4 24. Be1 a5 25. Nd2 Ng5 26. Nf1 Rd6 27. Ng3 Bxh3
28. gxh3 Nxh3+ 29. Kg2 Qd7 30. Ne5 Nxe5 31. Rxc8+ Qxc8 32. dxe5 Rc6 33. Qd4 Ng5
34. Qd8+ Bf8 35. Qxc8 Rxc8 36. Bc4 Rc5 37. f4 b5 38. Rd5 Rxd5 39. Bxd5 Ne6 40.
Bxe6 fxe6 41. Bxa5 h5 42. Ne4 Kg7 43. a4 bxa4 44. bxa4 h4 45. Bd2 Kh6 46. a5
Kh5 47. Kh3 Bh6 48. a6 g5 49. fxg5 Bxg5 50. Nxg5 Kxg5 51. e4+ Kh5 52. a7 Kg6
53. a8=Q Kg7 54. Qe8 Kh7 55. Qf7+ Kh8 56. Kg4 h3 57. Bh6 h2 58. Qg7# 1-0

[Event "4NCL Division 3s"]
[Site "Daventry Court ENG"]
[Date "2013.11.16"]
[Round "1.95"]
[White "Piper, Stephen J"]
[Black "Dekker, Alain S"]
[Result "1-0"]
[WhiteElo "2042"]
[BlackElo "2064"]
[PlyCount "119"]
[EventDate "2013.11.16"]
[WhiteTeam "The Rookies"]
[BlackTeam "BCM Bison (4)"]

1. Nf3 f5 2. c4 Nf6 3. Nc3 e6 4. g3 Be7 5. Bg2 O-O 6. d4 d6 7. O-O a5 8. Re1
Nc6 9. d5 Nb4 10. a3 Na6 11. dxe6 Bxe6 12. Nd4 Bc8 13. b4 Rb8 14. Rb1 Kh8 15.
Nd5 Ng4 16. Nf4 Rf6 17. Nd5 Rf8 18. Qc2 Bf6 19. Nf3 Bd7 20. Nxf6 Qxf6 21. Bb2
Qh6 22. h3 Nf6 23. Bc1 Qh5 24. Nh4 Qf7 25. Nxf5 axb4 26. axb4 Nh5 27. e4 Bxf5
28. exf5 b6 29. Bd5 Qd7 30. g4 Nf6 31. Bf3 c5 32. Bd2 cxb4 33. Bxb4 Nc5 34. Bc3
h6 35. h4 Nh7 36. Bg2 b5 37. cxb5 Rxb5 38. Rxb5 Qxb5 39. Qd2 Qd3 40. Qxd3 Nxd3
41. Re7 Nf6 42. Bf3 Rc8 43. Bxf6 gxf6 44. Kg2 Ne5 45. Re6 Rc3 46. Bd1 Rd3 47.
Be2 Rd2 48. Kf1 Kg7 49. Ke1 Rd4 50. f3 h5 51. g5 Rxh4 52. Rxf6 Rf4 53. Kd2 d5
54. Ke3 Rb4 55. Rd6 Nf7 56. Rd7 Kf8 57. g6 Rb3+ 58. Kd4 Ng5 59. f6 Ke8 60. Re7+
1-0